A nők művelődési lehetőségei különböző korszakokban Magyarországon.

Bibliographic Details
Main Author: Kázmér Alexandra
Other Authors: Benkei-Kovács Dr. Balázs
Format: Thesis
Kulcsszavak:20. század
egyenjogúság
emancipáció
kultúra
nők
Online Access:http://dolgozattar.uni-bge.hu/59518

MARC

LEADER 00000nta a2200000 i 4500
001 dolg59518
005 20260409145157.0
008 260409suuuu hu om 000 hun d
040 |a BGE Dolgozattár Repozitórium  |b hun 
041 |a hu 
100 1 |a Kázmér Alexandra 
245 1 2 |a A nők művelődési lehetőségei különböző korszakokban Magyarországon.  |c Kázmér Alexandra  |h [elektronikus dokumentum] 
520 3 |a Dolgozatom célja, hogy feltárjam a nők művelődési lehetőségeinek alakulását Magyarországon a dualizmus korától napjainkig. Részletesen bemutatom azokat a történelmi, társadalmi és gazdasági tényezőket, amelyek a nők művelődési esélyeinek fejlődésére hatottak, valamint kiemelem azokat a személyeket és mozgalmakat, amelyek különösen fontos szerepet játszottak ebben a folyamatban. A kutatás során szekunder módszert alkalmaztam, hogy szakirodalmi áttekintést és történeti források elemzését el tudjam végezni. Emellett primer kutatást is folytattam kérdőíves adatgyűjtés formájában, amely kvalitatív és kvantitatív módszereket egyaránt felhasznál, hogy komplexebb képet adjon a nők mai művelődési szokásairól és azok változásairól.Kutatásomban arra keresem a választ, hogy milyen művelődési lehetőségekkel rendelkeztek a nők különböző történelmi korszakokban Magyarországon, milyen társadalmi és politikai tényezők akadályozták vagy támogatták a művelődésük fejlődését, valamint hogyan változott a nők kulturális részvételének szerepe a társadalomban. Emellett a primer kutatásom keretében azt vizsgálom, hogy a férfiak és nők miként ítélik meg a nők esélyegyenlőségét az oktatás, a munkaerőpiac és a művelődés területén, hogy milyen mértékben érzékelnek strukturális akadályokat, valamint, hogy mely szempontokat tartják leginkább meghatározónak a műveltség és kulturális részvétel szerepében a társadalmi egyenlőség előmozdítása szempontjából. 
695 |a 20. század 
695 |a egyenjogúság 
695 |a emancipáció 
695 |a kultúra 
695 |a nők 
700 1 |a Benkei-Kovács Dr. Balázs  |e ths 
856 4 0 |u http://dolgozattar.uni-bge.hu/59518/1/K%C3%A1zm%C3%A9r_Alexandra_Szakdolgozat.pdf  |z Dokumentum-elérés 
856 4 0 |u http://dolgozattar.uni-bge.hu/59518/2/BKB_K%C3%A1zm%C3%A9r%20Alexandra_KSZ%20%C3%A9s%20MH%20b%C3%ADr%C3%A1lati%20lap%202025.pdf  |z Dokumentum-elérés 
856 4 0 |u http://dolgozattar.uni-bge.hu/59518/3/K%C3%A1zm%C3%A9r%20Alaxandra%20b%C3%ADr%C3%A1lat%20Farkas.pdf  |z Dokumentum-elérés